Normale Ansicht
MARC-Ansicht
Eintrag Personenname
001 - Kontrollnummer
- Kontrollfeld: 69054
003 - Kontrollnummer Identifier
- Kontrollfeld:
005 - Datum und Zeit der letzten Transaktion
- Kontrollfeld: 20260416173614.0
008 - Datenelemente mit fester Länge
- Kontrollfeld mit fester Länge: 260416|| aca||aabn | a|a d
040 ## - Katalogisierungsquelle
- Original-Katalogisierungsstelle:
- Übertragungsstelle:
100 ## - Ansetzung - Personenname
- Personenname: Allinson, Rayne
670 ## - Datenquelle
- Quellenangabe: Work cat.: ()74083: Allinson, Rayne., A Monarchy of Letters :